| 000 | 02213 a2200313 i 4500 | ||
|---|---|---|---|
| 001 | 265283478 | ||
| 003 | MePoLT | ||
| 005 | 20240610101840.0 | ||
| 020 | _a9781119983965 | ||
| 038 | _aMalang Jan | ||
| 040 |
_aMePoLT _cMePoLT _erda |
||
| 082 |
_a724.7 _bPRA |
||
| 090 | 4 | _aNA500.D476 | |
| 245 | 0 | 0 |
_aIn Praise of Penumbra / _cedited by Agostino De Rosa,Alessio Bortot & Francesco Bergamo |
| 264 | 1 |
_aLondon: _bJohn Wiley & Sons; _c2023. |
|
| 300 |
_a136 p.: _bill; _c27cm. |
||
| 440 | 1 | 0 |
_aArchitectural design _933235 |
| 490 | 1 | 0 |
_aArchitectural design _vvol:93,no:04 |
| 505 | _aChapter 1 Introduction A Eulogy to Penumbra -- Chapter 2 At the Edges of Transparent Language-- Chapter 3 Eden to Eden: At the Dawn of the Name -- Chapter 4 ‘In the Womb Yet Out-of-Doors’: Penumbra and the Spaces In-Between -- Chapter 5 The Warmth of Death: Alexander Brodsky and the Necropolis in the Womb of the Metropolis -- Chapter 6 A Path to the Light: Variations and Multiple Dimensions -- Chapter 7 Charged Space: The Anatomy of the In-between -- Chapter 8 Efficiency Versus Game: Twilight Spaces for Homo Ludens -- Chapter 9 Seeking the Almost: Designing Shade -- Chapter 10 Rhythmic Alternation: Metaphors of Light, Dark and Shadow -- Chapter 11 The Intimacy of Neglect: Thresholds, Interconnectedness and Unexpected Glimpses -- Chapter 12 As If Without Time: The Nuclear Twilight Zone -- Chapter 13 Things In Themselves: The X-Ray and Its Embodied Space -- Chapter 14 Projecting the Indeterminate and Enigmatic: The Painting of Marco Tirelli -- Chapter 15 Subliminal Blueprints for Other Dimensions: The Time-warped Sanatorium of the Quay Brothers -- Chapter 16 From Another Perspective – The Shadowy World of Domesticity Contributors About Architectural Design | ||
| 520 | _aIn Praise of Penumbra (Architectural Design) by Agostino De Rosa (2023) | ||
| 650 |
_aArchitecture, Modern _932028 |
||
| 650 |
_aOmbres en architecture _9123389 |
||
| 650 |
_aShades and shadows in architecture _9123390 |
||
| 700 | 1 |
_aDe Rosa,Agostino _9123296 |
|
| 700 | 1 |
_aBortot,Alessio _9123297 |
|
| 700 | 1 |
_aBergamo,Francesco _9123298 |
|
| 942 |
_2ddc _cBK |
||
| 999 |
_c609526 _d609526 |
||